000 00360 a2200169 4500
001 186617
020 _a85-08-06450-0
040 _cMagnum
100 _aAzevedo, Ricardo
240 1 0 _aMeu livro de folclore
_lpor
245 1 0 _aMeu livro de folclore
300 _a72
362 0 _a2006
440 1 _aÁtica
697 _aLITERATURA INFANTO
942 _cBK
999 _c186617
_d186617